[Event "BL 1415 Turm Emsdetten - OSG Baden Bade"]
[Site "?"]
[Date "2015.01.31"]
[Round "8.7"]
[White "Gustafsson, Jan"]
[Black "Fiebig, Thomas"]
[Result "1-0"]
[WhiteElo "2641"]
[BlackElo "2408"]
[PlyCount "197"]
[EventDate "2015.??.??"]

1. d4 d5 2. c4 e6 3. Nf3 c5 4. cxd5 exd5 5. Nc3 Nc6 6. dxc5 d4 7. Na4 Bxc5 8.
Nxc5 Qa5+ 9. Bd2 Qxc5 10. Rc1 Qb6 11. e3 Nf6 12. Bc4 O-O 13. O-O dxe3 14. Bxe3
Qa5 15. Bc5 Re8 16. Qb3 Qc7 17. Ng5 Ne5 18. Bxf7+ Nxf7 19. Bb4 Qf4 20. Qxf7+
Kh8 21. Be7 Bg4 22. Bxf6 Qxf6 23. Qxf6 gxf6 24. Nf7+ Kg7 25. Rc7 Kg6 26. Nd6
Re2 27. Rxb7 Rd8 28. Rb4 Rxd6 29. Rxg4+ Kf5 30. Ra4 Rxb2 31. Rxa7 h5 32. Ra3 h4
33. h3 Kg5 34. Ra5+ Kg6 35. Ra4 Kg5 36. Rg4+ Kh5 37. a3 Ra2 38. Rb1 f5 39. Rf4
Kg5 40. Rf3 Rd5 41. Kh2 Ra5 42. Rbb3 Ra1 43. g3 hxg3+ 44. Kxg3 f4+ 45. Kg2 Ra4
46. Rb5+ Kg6 47. Rc3 Ra6 48. Rc4 R1xa3 49. Rxf4 Rf6 50. Rg4+ Kh6 51. Rb8 Kh7
52. Rb2 Raf3 53. Ra2 R3f5 54. Rg3 Rf4 55. f3 Rb4 56. Rg4 Rb3 57. Rf2 Kh6 58.
Kg3 Kh5 59. Rf1 Ra3 60. Rh4+ Kg5 61. Rb4 Kh5 62. Rb5+ Kh6 63. Kg4 Ra2 64. Rh5+
Kg6 65. Rg5+ Kh6 66. Kh4 Ra4+ 67. Rg4 Ra3 68. f4 Ra5 69. Rf3 Rb5 70. Ra3 Rh5+
71. Kg3 Rb5 72. Ra8 Kh7 73. Ra7+ Kh6 74. Re7 Ra5 75. Re5 Rf5 76. Re6+ Kh7 77.
Rh4+ Rh5 78. Rxh5+ Rxh5 79. Re5 Rh6 80. Re7+ Kg8 81. f5 Kf8 82. Ra7 Rb6 83. Kg4
Kg8 84. h4 Rc6 85. Kg5 Rb6 86. h5 Rb1 87. Kg6 Rg1+ 88. Kf6 Rf1 89. Ra8+ Kh7 90.
Ke6 Kg7 91. h6+ Kh7 92. f6 Re1+ 93. Kd6 Rd1+ 94. Ke7 Re1+ 95. Kf8 Kxh6 96. f7
Kh7 97. Ra2 Rb1 98. Rh2+ Kg6 99. Kg8 1-0

[Event "BL 1415 Turm Emsdetten - OSG Baden Bade"]
[Site "?"]
[Date "2015.01.31"]
[Round "8.8"]
[White "Richter, Christian"]
[Black "Schlosser, Philipp"]
[Result "0-1"]
[WhiteElo "2371"]
[BlackElo "2570"]
[PlyCount "88"]
[EventDate "2015.??.??"]

1. d4 Nf6 2. c4 e6 3. Nf3 b6 4. g3 Ba6 5. Qa4 Bb7 6. Bg2 c5 7. dxc5 bxc5 8. O-O
Be7 9. Nc3 O-O 10. Bf4 Qb6 11. Rfd1 d6 12. Qb3 Rd8 13. Rd2 Nc6 14. Qxb6 axb6
15. Rad1 Ne8 16. h4 f6 17. b3 Rd7 18. Ne1 Kf7 19. Na4 Ra6 20. Nc3 h6 21. Nb5
Nd4 22. Bxb7 Rxb7 23. Nc3 e5 24. Be3 Nc7 25. Rb2 b5 26. cxb5 Ncxb5 27. Nxb5
Rxb5 28. Bc1 Ke6 29. e3 Nc6 30. e4 f5 31. exf5+ Kxf5 32. Nc2 Ke6 33. Ne3 Nd4
34. Bd2 Bf6 35. Kg2 e4 36. Bc3 h5 37. Nc2 Ne2 38. Bxf6 gxf6 39. Na3 Rxa3 40.
Rxe2 d5 41. Kf1 f5 42. Ke1 d4 43. Rc1 Rba5 44. Rd2 d3 0-1

[Event "BL 1415 Werder Bremen - SC Eppingen"]
[Site "?"]
[Date "2015.01.31"]
[Round "8.2"]
[White "Areshchenko, Alexander"]
[Black "Postny, Evgeny"]
[Result "1/2-1/2"]
[WhiteElo "2661"]
[BlackElo "2635"]
[PlyCount "55"]
[EventDate "2015.??.??"]

1. e4 e5 2. Nf3 Nc6 3. Bb5 Nf6 4. d3 d6 5. O-O a6 6. Bxc6+ bxc6 7. Re1 c5 8. c3
Bg4 9. Nbd2 Be7 10. h3 Bh5 11. Nf1 O-O 12. Ng3 Bxf3 13. Qxf3 g6 14. Bh6 Re8 15.
Nf5 Bf8 16. Bxf8 Rxf8 17. Ne3 Rb8 18. b3 Nh5 19. Rad1 Qf6 20. Qxf6 Nxf6 21. f3
Nd7 22. d4 f6 23. Nc4 Rb5 24. Re2 a5 25. Nb2 cxd4 26. cxd4 exd4 27. Rxd4 Rb4
28. Rd5 1/2-1/2

[Event "BL 1415 Werder Bremen - SC Eppingen"]
[Site "?"]
[Date "2015.01.31"]
[Round "8.3"]
[White "Acs, Peter"]
[Black "McShane, Luke J"]
[Result "0-1"]
[WhiteElo "2590"]
[BlackElo "2672"]
[PlyCount "130"]
[EventDate "2015.??.??"]

1. e4 e5 2. Nf3 Nc6 3. Bb5 Nf6 4. O-O Nxe4 5. d4 Nd6 6. Bxc6 dxc6 7. dxe5 Nf5
8. Qxd8+ Kxd8 9. Nc3 Bd7 10. h3 b6 11. b3 h6 12. Bb2 Kc8 13. Rad1 Ne7 14. Nh2
c5 15. Ng4 h5 16. Ne3 h4 17. f4 Rh5 18. Rd2 Be6 19. Ne4 Kb7 20. Ng5 Kc6 21. c4
g6 22. Ng4 Nf5 23. Nf6 Rh8 24. Nxe6 fxe6 25. Kf2 a6 26. Kf3 Be7 27. Rd3 b5 28.
Rfd1 Rhb8 29. Bc3 a5 30. a4 bxc4 31. bxc4 Rb3 32. Kg4 Rd8 33. Rxd8 Bxd8 34. Rd3
Nd4 35. Kxh4 Be7 36. Kg4 Ra3 37. g3 Ne2 38. Ne4 Rxa4 39. Kf3 Rxc4 40. Bxa5 Nd4+
41. Kg4 Ra4 42. Bd2 Nb5 43. Re3 c4 44. h4 Kd5 45. Kf3 Ra2 46. Bc3 c5 47. Nf6+
Kc6 48. g4 Ra3 49. Bb2 Ra2 50. Bc3 Nd4+ 51. Ke4 Rh2 52. h5 gxh5 53. Nxh5 Nc2
54. Rg3 Bh4 55. f5 exf5+ 56. gxf5 Bxg3 57. Nxg3 Rh4+ 58. Kf3 Nd4+ 59. Bxd4 cxd4
60. f6 Kd5 61. Nf5 Rh8 62. Ne7+ Kxe5 63. Ng6+ Kxf6 64. Nxh8 c3 65. Ke2 Kg7 0-1

[Event "BL 1415 Werder Bremen - SC Eppingen"]
[Site "?"]
[Date "2015.01.31"]
[Round "8.4"]
[White "Nyback, Tomi"]
[Black "Braun, Arik"]
[Result "1-0"]
[WhiteElo "2604"]
[BlackElo "2549"]
[PlyCount "119"]
[EventDate "2015.??.??"]

1. d4 Nf6 2. c4 e6 3. g3 Bb4+ 4. Bd2 c5 5. Bxb4 cxb4 6. Bg2 O-O 7. Nf3 d6 8.
O-O Nc6 9. Nbd2 e5 10. d5 Ne7 11. a3 Qb6 12. Qb3 bxa3 13. Rxa3 Qxb3 14. Nxb3
Bg4 15. Rfa1 Rfc8 16. Nbd2 a6 17. e4 Bxf3 18. Bxf3 Ng6 19. b4 Nf8 20. b5 a5 21.
Rxa5 Rxa5 22. Rxa5 N8d7 23. Bg2 Nc5 24. Bh3 Rb8 25. f3 Kf8 26. Kf2 Ke7 27. Ke3
h5 28. b6 Rh8 29. f4 Ng4+ 30. Bxg4 exf4+ 31. gxf4 hxg4 32. Nf1 f5 33. e5 g6 34.
Ra2 Kd7 35. Ng3 Re8 36. Kd4 Nb3+ 37. Kc3 Nc5 38. Kd4 Nb3+ 39. Kc3 Nc5 40. e6+
Ke7 41. Ne2 Rh8 42. Nd4 Rh3+ 43. Kb4 Rd3 44. Nc6+ bxc6 45. dxc6 Rb3+ 46. Ka5
Kd8 47. c7+ Kc8 48. e7 Nb7+ 49. Ka6 Nc5+ 50. Ka7 Re3 51. b7+ Nxb7 52. Kb6 Kd7
53. Kxb7 Rb3+ 54. Ka6 Re3 55. Ra5 Kxc7 56. Re5 dxe5 57. e8=Q exf4 58. Qxg6 Re5
59. c5 Rd5 60. Qb6+ 1-0

[Event "BL 1415 Werder Bremen - SC Eppingen"]
[Site "?"]
[Date "2015.01.31"]
[Round "8.5"]
[White "Ruck, Robert"]
[Black "Bluebaum, Matthias"]
[Result "0-1"]
[WhiteElo "2577"]
[BlackElo "2560"]
[PlyCount "82"]
[EventDate "2015.??.??"]

1. Nf3 d5 2. d4 Nf6 3. c4 c6 4. Nc3 e6 5. e3 Nbd7 6. Qc2 Bd6 7. b3 O-O 8. Bb2
e5 9. Be2 e4 10. Nd2 Nb8 11. h3 Na6 12. a3 Nc7 13. b4 Nfe8 14. g3 f5 15. h4 Nf6
16. Nb3 dxc4 17. Bxc4+ Be6 18. Be2 Rb8 19. Na5 Ncd5 20. Nc4 Nxc3 21. Bxc3 Bc7
22. Rb1 Qe8 23. a4 Ng4 24. b5 Qg6 25. Rg1 Kh8 26. bxc6 Bxc4 27. Bxc4 f4 28. h5
Qxc6 29. Bb5 fxe3 30. f4 Qd5 31. Qe2 Nf2 32. Qxe3 Nd3+ 33. Bxd3 exd3 34. Qxd3
Rbe8+ 35. Kd2 Ba5 36. h6 gxh6 37. Kd1 Bxc3 38. Qxc3 Rc8 39. Qd2 Rc4 40. Rb5
Qf3+ 41. Ke1 Rfc8 0-1

[Event "BL 1415 Werder Bremen - SC Eppingen"]
[Site "?"]
[Date "2015.01.31"]
[Round "8.6"]
[White "Smerdon, David"]
[Black "Breder, Dennis"]
[Result "1/2-1/2"]
[WhiteElo "2514"]
[BlackElo "2483"]
[PlyCount "126"]
[EventDate "2015.??.??"]

1. e4 e5 2. Nf3 Nc6 3. Bc4 Bc5 4. c3 Nf6 5. d4 exd4 6. cxd4 Bb4+ 7. Nbd2 Nxe4
8. d5 Nxd2 9. Bxd2 Bxd2+ 10. Qxd2 Ne7 11. d6 cxd6 12. Qxd6 b5 13. Bd3 Bb7 14.
Nd4 O-O 15. O-O a6 16. Rfe1 Re8 17. h4 Nc6 18. Rxe8+ Qxe8 19. Nf5 g6 20. Qg3
Qe5 21. Nd6 Qxg3 22. fxg3 Rb8 23. Re1 Nb4 24. Be4 Bxe4 25. Rxe4 Nd5 26. g4 Rb6
27. Nc8 Re6 28. Rd4 Ne7 29. Rxd7 Nxc8 30. Rd8+ Kg7 31. Rxc8 Re2 32. Ra8 Rxb2
33. Rxa6 Rb4 34. h5 Rxg4 35. hxg6 hxg6 36. Rb6 b4 37. Kh2 Rc4 38. Ra6 Rc2 39.
Ra4 Rb2 40. a3 b3 41. Rb4 f5 42. a4 Kh6 43. a5 g5 44. a6 Kh5 45. a7 Ra2 46.
a8=Q Rxa8 47. g4+ fxg4 48. Rxb3 Kh4 49. Kg2 Ra2+ 50. Kg1 g3 51. Rb8 Re2 52.
Rh8+ Kg4 53. Ra8 g2 54. Ra4+ Kf3 55. Ra3+ Kf4 56. Ra4+ Kf5 57. Ra5+ Kg4 58.
Ra4+ Kh5 59. Ra3 Kh4 60. Rh3+ Kg4 61. Ra3 Rb2 62. Rc3 Kh4 63. Rh3+ Kxh3 1/2-1/2

[Event "BL 1415 Werder Bremen - SC Eppingen"]
[Site "?"]
[Date "2015.01.31"]
[Round "8.7"]
[White "Medvegy, Zoltan"]
[Black "Markgraf, Alexander"]
[Result "1-0"]
[WhiteElo "2527"]
[BlackElo "2495"]
[PlyCount "161"]
[EventDate "2015.??.??"]

1. g3 f5 2. Bg2 Nf6 3. Nf3 g6 4. b3 Bg7 5. Bb2 d6 6. d4 O-O 7. O-O Qe8 8. c4 h6
9. d5 Na6 10. Nd4 g5 11. e3 Ng4 12. h3 Nf6 13. Qc2 Nb4 14. Qd2 c5 15. dxc6 Nxc6
16. Nc3 Nxd4 17. Qxd4 Ne4 18. Qd3 Nc5 19. Qe2 e5 20. Rad1 Qg6 21. Qd2 e4 22.
Nb5 Nd3 23. Bxg7 Qxg7 24. Nxd6 Be6 25. Nb5 Rad8 26. Nd4 Bc8 27. f3 f4 28. fxe4
Ne5 29. Qe1 g4 30. exf4 gxh3 31. fxe5 hxg2 32. Rxf8+ Rxf8 33. Kxg2 Qxe5 34. Nf5
Bxf5 35. exf5 Qxf5 36. Qe3 Qf6 37. Qe4 Rf7 38. Kh3 Kg7 39. Qd4 Re7 40. Qg4+ Kh7
41. Rd2 Qf1+ 42. Kh2 b6 43. b4 Qe1 44. Qf5+ Kg7 45. Qg4+ Kh7 46. Qf5+ Kg7 47.
Qd3 Qe5 48. Rc2 Qg5 49. c5 bxc5 50. bxc5 Re3 51. Qd7+ Kg8 52. Qc8+ Kg7 53. Qd7+
Kg8 54. Qc8+ Kg7 55. Qc7+ Re7 56. Qf4 Qh5+ 57. Kg2 Re1 58. Qc7+ Kg8 59. Qb8+
Re8 60. Qf4 Re1 61. Qc4+ Kh7 62. Qd3+ Kg8 63. Qc4+ Kh7 64. Kf2 Qh1 65. Qd3+ Kg8
66. Qb3+ Kh7 67. Qd3+ Kg8 68. Rb2 Qg1+ 69. Kf3 Rf1+ 70. Kg4 h5+ 71. Kh4 Rf4+
72. Kg5 Rf8 73. Qg6+ Kh8 74. Qh6+ Kg8 75. Qg6+ Kh8 76. Qxh5+ Kg8 77. Qg6+ Kh8
78. Qh6+ Kg8 79. Qe6+ Kh8 80. Qe5+ Kg8 81. Kg6 1-0

[Event "BL 1415 Werder Bremen - SC Eppingen"]
[Site "?"]
[Date "2015.01.31"]
[Round "8.8"]
[White "Meins, Gerlef"]
[Black "Vogt, Lothar"]
[Result "0-1"]
[WhiteElo "2449"]
[BlackElo "2398"]
[PlyCount "118"]
[EventDate "2015.??.??"]

1. d4 Nf6 2. c4 g6 3. Nc3 Bg7 4. e4 d6 5. Be2 O-O 6. Nf3 Bg4 7. Be3 Nfd7 8. Qd2
a6 9. O-O c5 10. d5 Bxf3 11. Bxf3 Qa5 12. Be2 b5 13. cxb5 axb5 14. a4 b4 15.
Nd1 Nf6 16. f3 Nbd7 17. Ra2 Nb6 18. b3 c4 19. Bxc4 Nxc4 20. bxc4 Rfc8 21. Nb2
Nd7 22. Qc2 Nb6 23. Rb1 Bxb2 24. Qxb2 Nxc4 25. Qb3 Na3 26. Rc1 Rxc1+ 27. Bxc1
Qxa4 28. Qxa4 Rxa4 29. Kf2 f5 30. Ke2 fxe4 31. fxe4 Nb5 32. Rb2 Nc7 33. Be3 Na6
34. Bd4 Kf7 35. Kd3 e5 36. dxe6+ Kxe6 37. Kc4 b3+ 38. Kc3 Nc5 39. Bxc5 dxc5 40.
Rxb3 Rxe4 41. Rb2 h5 42. Rf2 Kd5 43. Rd2+ Ke5 44. Ra2 g5 45. Rf2 h4 46. h3 Ra4
47. Kb3 Rf4 48. Re2+ Kd4 49. Rd2+ Ke3 50. Rd5 c4+ 51. Kc3 g4 52. hxg4 Rxg4 53.
Rd2 Kf4 54. Re2 Kg3 55. Rd2 Rf4 56. Ra2 Rf2 57. Ra8 Rxg2 58. Kxc4 h3 59. Kd3 h2
0-1

[Event "BL 1415 SG Solingen - SF Katernberg"]
[Site "?"]
[Date "2015.01.31"]
[Round "8.1"]
[White "Volokitin, Andrei"]
[Black "Ragger, Markus"]
[Result "1/2-1/2"]
[WhiteElo "2626"]
[BlackElo "2651"]
[PlyCount "157"]
[EventDate "2015.??.??"]

1. e4 e5 2. Nf3 Nc6 3. Bb5 Nf6 4. O-O Nxe4 5. d4 Nd6 6. Bxc6 dxc6 7. dxe5 Nf5
8. Qxd8+ Kxd8 9. Rd1+ Ke8 10. Nc3 Ne7 11. h3 Ng6 12. b3 Be7 13. Bb2 Bf5 14. Nd4
Bd7 15. Ne4 Nxe5 16. Ng3 f6 17. Ndf5 Bf8 18. Rd2 Bxf5 19. Nxf5 Rd8 20. Re2 Kf7
21. Bxe5 fxe5 22. Ne3 Bd6 23. Nc4 Rhe8 24. Rd1 Kf6 25. g3 Re6 26. Kg2 e4 27.
Na5 b6 28. Nxc6 Rde8 29. Nxa7 Ra8 30. Nb5 Be5 31. Rxe4 c6 32. Nd4 Bxd4 33. Rf4+
Ke7 34. Rfxd4 Rxa2 35. Rd7+ Kf6 36. R1d4 g5 37. Rxh7 Rxc2 38. Rh6+ Ke5 39.
Rxe6+ Kxd4 40. Rg6 b5 41. Rxg5 Rb2 42. b4 Rxb4 43. Rg4+ Kc3 44. Rxb4 Kxb4 45.
f4 Kc4 46. f5 b4 47. f6 b3 48. f7 b2 49. f8=Q b1=Q 50. Qf1+ Qxf1+ 51. Kxf1 c5
52. g4 Kb4 53. Ke2 Ka3 54. g5 c4 55. g6 c3 56. g7 c2 57. g8=Q c1=Q 58. Qf8+ Ka4
59. Qe8+ Ka5 60. Qd8+ Kb5 61. h4 Qh1 62. Qe8+ Kb4 63. Qf8+ Kc4 64. Qg8+ Kc5 65.
Qg4 Kd6 66. h5 Ke7 67. Qg7+ Ke8 68. h6 Qe4+ 69. Kf2 Qf4+ 70. Kg2 Qe4+ 71. Kf2
Qf4+ 72. Ke2 Qe4+ 73. Kd2 Qd5+ 74. Ke3 Qe6+ 75. Kf4 Qf7+ 76. Kg5 Qxg7+ 77. hxg7
Kf7 78. Kh6 Kg8 79. Kg6 1/2-1/2

[Event "BL 1415 SG Solingen - SF Katernberg"]
[Site "?"]
[Date "2015.01.31"]
[Round "8.2"]
[White "L'Ami, Erwin"]
[Black "Kryvoruchko, Yuriy"]
[Result "0-1"]
[WhiteElo "2613"]
[BlackElo "2688"]
[PlyCount "84"]
[EventDate "2015.??.??"]

1. d4 Nf6 2. c4 e6 3. Nf3 b6 4. g3 Bb7 5. Bg2 Be7 6. O-O O-O 7. Nc3 Ne4 8. Bd2
Bf6 9. Ne5 Nxc3 10. Bxc3 Bxg2 11. Kxg2 c5 12. dxc5 bxc5 13. Qd6 a5 14. Rad1 Be7
15. Qd3 d6 16. Qf3 Ra6 17. h4 Bf6 18. h5 h6 19. Nd3 Bxc3 20. bxc3 Nd7 21. Kg1
Qa8 22. Qxa8 Rfxa8 23. Rb1 Nb6 24. Nb2 a4 25. a3 Kf8 26. Rfd1 Ke7 27. e4 Rc8
28. f4 Raa8 29. Kf2 Rcb8 30. Kf3 Nd7 31. Nd3 Rb3 32. e5 dxe5 33. Rxb3 axb3 34.
Nxe5 Nxe5+ 35. fxe5 Rxa3 36. Rb1 Kd7 37. Ke3 Kc6 38. Kd3 Ra2 39. Rxb3 Rg2 40.
Ra3 Rxg3+ 41. Ke4 Rh3 42. Ra7 Rxc3 0-1

[Event "BL 1415 SG Solingen - SF Katernberg"]
[Site "?"]
[Date "2015.01.31"]
[Round "8.3"]
[White "Romanov, Evgeny"]
[Black "Nikolic, Predrag"]
[Result "1/2-1/2"]
[WhiteElo "2638"]
[BlackElo "2592"]
[PlyCount "97"]
[EventDate "2015.??.??"]

1. c4 e5 2. Nc3 Nc6 3. Nf3 Nf6 4. g3 Nd4 5. Bg2 Nxf3+ 6. Bxf3 Bb4 7. d4 Qe7 8.
O-O Bxc3 9. bxc3 d6 10. Qa4+ Bd7 11. Qb4 Rb8 12. dxe5 dxe5 13. Qa5 b6 14. Qxa7
O-O 15. Qxc7 Rfc8 16. Qa7 e4 17. Bg2 Qc5 18. Be3 Qxc4 19. Bd4 Bf5 20. Qe7 Re8
21. Qd6 Nd5 22. g4 Bg6 23. Qg3 Qxe2 24. Rfe1 Qc4 25. h4 h6 26. Bf1 Qc7 27. Qxc7
Nxc7 28. a4 h5 29. g5 Ne6 30. Be3 Nc5 31. Reb1 Nd7 32. Bb5 Bf5 33. Bxd7 Bxd7
34. Rxb6 Rxb6 35. Bxb6 e3 36. Bxe3 Re4 37. Bd4 Rg4+ 38. Kf1 Rxh4 39. Ke2 Re4+
40. Kd2 h4 41. a5 h3 42. Rh1 Rg4 43. a6 Rxg5 44. a7 Ra5 45. Rg1 f6 46. Bxf6
Rxa7 47. Rxg7+ Kf8 48. Ke3 Ra1 49. Rxd7 1/2-1/2

[Event "BL 1415 SG Solingen - SF Katernberg"]
[Site "?"]
[Date "2015.01.31"]
[Round "8.4"]
[White "Naumann, Alexander"]
[Black "Firman, Nazar"]
[Result "1-0"]
[WhiteElo "2547"]
[BlackElo "2459"]
[PlyCount "89"]
[EventDate "2015.??.??"]

1. d4 d6 2. Nf3 g6 3. g3 Bg7 4. Bg2 Nd7 5. O-O e5 6. c4 Ne7 7. Nc3 O-O 8. e4
exd4 9. Nxd4 Nc6 10. Nde2 a5 11. Be3 a4 12. Nxa4 Nde5 13. Rc1 Nb4 14. b3 Nxa2
15. Ra1 Nb4 16. Qd2 Nbc6 17. Nd4 Qf6 18. Nxc6 bxc6 19. f3 Rb8 20. Rab1 Re8 21.
Kh1 Bb7 22. f4 Nd7 23. c5 Nf8 24. Rfd1 d5 25. Bd4 Qxd4 26. Qxd4 Bxd4 27. Rxd4
Ne6 28. Rb4 dxe4 29. Bxe4 Ba6 30. Rxb8 Rxb8 31. Bxc6 Nd4 32. Bd5 Rd8 33. Be4
Re8 34. Bd5 Re2 35. b4 Rc2 36. Be4 Re2 37. Bd5 c6 38. Bg2 Rc2 39. Nb6 Bb5 40.
Nc8 Be2 41. Ne7+ Kg7 42. Nxc6 Bf3 43. Nxd4 Bxg2+ 44. Kg1 Rd2 45. b5 1-0

[Event "BL 1415 SG Solingen - SF Katernberg"]
[Site "?"]
[Date "2015.01.31"]
[Round "8.5"]
[White "Zaragatski, Ilja"]
[Black "Handke, Florian"]
[Result "1/2-1/2"]
[WhiteElo "2469"]
[BlackElo "2539"]
[PlyCount "103"]
[EventDate "2015.??.??"]

1. Nf3 c5 2. g3 b6 3. Bg2 Bb7 4. O-O e6 5. c4 Nf6 6. d4 cxd4 7. Qxd4 Nc6 8. Qf4
Be7 9. Nc3 O-O 10. Rd1 a6 11. Ng5 h6 12. Nge4 Ne8 13. g4 d6 14. g5 hxg5 15.
Nxg5 Bxg5 16. Qxg5 Qc7 17. Bf4 Nd8 18. Rac1 Bxg2 19. Qxg2 Rc8 20. Ne4 e5 21.
Be3 f5 22. Ng5 Rf6 23. Qh3 Nf7 24. Qh7+ Kf8 25. Nxf7 Kxf7 26. Qh5+ Kg8 27. Bg5
Qf7 28. Qh4 Rg6 29. Kh1 f4 30. b3 Qf5 31. Rg1 d5 32. f3 dxc4 33. bxc4 Nd6 34.
Be7 Nf7 35. Rxg6 Qxg6 36. Rg1 Qh6 37. Qxh6 Nxh6 38. Bf6 Nf5 39. Rg5 Kf7 40.
Bxe5 g6 41. Rg4 Rxc4 42. Rxf4 Rc1+ 43. Kg2 Rc2 44. Kf1 Ke6 45. Re4 b5 46. a4
Kd5 47. axb5 axb5 48. Bf6 Rc6 49. Bb2 Rc2 50. Bf6 Rc6 51. Bb2 Rc2 52. Bf6
1/2-1/2

[Event "BL 1415 SG Solingen - SF Katernberg"]
[Site "?"]
[Date "2015.01.31"]
[Round "8.6"]
[White "Appel, Ralf"]
[Black "Siebrecht, Sebastian"]
[Result "1/2-1/2"]
[WhiteElo "2523"]
[BlackElo "2461"]
[PlyCount "95"]
[EventDate "2015.??.??"]

1. d4 d5 2. Bf4 c6 3. e3 e6 4. c4 Bd6 5. Bg3 Nf6 6. Nc3 O-O 7. Qc2 b6 8. Nf3
Bb7 9. Be2 c5 10. Rd1 Nc6 11. cxd5 Nb4 12. Qb3 Bxd5 13. Nxd5 exd5 14. dxc5 bxc5
15. Bh4 Be7 16. O-O Qb6 17. Qa4 Rfd8 18. Ne5 Rd6 19. Bxf6 gxf6 20. Nd3 Nxd3 21.
Qg4+ Kf8 22. Bxd3 f5 23. Bxf5 Qxb2 24. Rc1 Rh6 25. Qf4 Qg7 26. g3 Rd8 27. Rfd1
Rb6 28. Rc2 h5 29. Bh3 h4 30. Bg2 hxg3 31. hxg3 d4 32. Qc7 Qf6 33. exd4 Rxd4
34. Rxd4 Qxd4 35. Qc8+ Kg7 36. Qf5 Qd1+ 37. Kh2 Rh6+ 38. Bh3 Rh5 39. Qe4 Bf6
40. Re2 Re5 41. Qg4+ Rg5 42. Qc4 Rd5 43. Re8 Qd4 44. Qc2 Qd3 45. Qa4 Qd4 46.
Qc2 Qd3 47. Qa4 Qd4 48. Qc2 1/2-1/2

[Event "BL 1415 SG Solingen - SF Katernberg"]
[Site "?"]
[Date "2015.01.31"]
[Round "8.7"]
[White "Ris, Robert"]
[Black "Andersen, Mads"]
[Result "1/2-1/2"]
[WhiteElo "2441"]
[BlackElo "2493"]
[PlyCount "122"]
[EventDate "2015.??.??"]

1. d4 d5 2. c4 c6 3. Nf3 Nf6 4. g3 Bg4 5. Ne5 Bh5 6. cxd5 cxd5 7. Nc3 e6 8.
Qa4+ Nbd7 9. e4 a6 10. exd5 b5 11. Qb3 Nxe5 12. dxe5 Nxd5 13. Nxd5 Qxd5 14.
Qxd5 exd5 15. Bg2 Bb4+ 16. Bd2 Bxd2+ 17. Kxd2 Ke7 18. Rac1 Rac8 19. Bh3 Rc4 20.
b3 Rd4+ 21. Kc3 Re4 22. Rhe1 Rd8 23. Kd2 Rd4+ 24. Kc3 Re4 25. Kd3 g5 26. Rc7+
Kf8 27. Rxe4 dxe4+ 28. Kxe4 Rd2 29. f4 Rxh2 30. Bd7 gxf4 31. gxf4 Rxa2 32. f5
Ke7 33. Bxb5+ Kd8 34. Ra7 Be2 35. Ra8+ Kc7 36. Bxe2 Rxe2+ 37. Kf4 Kd7 38. Rxa6
Re1 39. Ra7+ Ke8 40. Ra8+ Kd7 41. Rh8 Rh1 42. Kg5 Ke7 43. f6+ Kd7 44. Rf8 h6+
45. Kg4 Rg1+ 46. Kf5 Rf1+ 47. Ke4 Re1+ 48. Kd5 Rd1+ 49. Kc4 Ke6 50. Re8+ Kf5
51. b4 h5 52. b5 h4 53. b6 h3 54. Rh8 Rb1 55. Kc5 Kxe5 56. Rxh3 Kxf6 57. Rh4
Ke6 58. Kc6 Rc1+ 59. Kb5 Rb1+ 60. Kc6 Rc1+ 61. Kb5 Rb1+ 1/2-1/2

[Event "BL 1415 SG Solingen - SF Katernberg"]
[Site "?"]
[Date "2015.01.31"]
[Round "8.8"]
[White "Wegerle, Joerg"]
[Black "Hoolt, Sarah"]
[Result "1/2-1/2"]
[WhiteElo "2440"]
[BlackElo "2298"]
[PlyCount "68"]
[EventDate "2015.??.??"]

1. e4 c5 2. Nc3 e6 3. f4 a6 4. Nf3 Nc6 5. g3 d5 6. d3 Nf6 7. Qe2 Be7 8. Bg2 O-O
9. O-O b5 10. h3 Ra7 11. Ne5 Qb6 12. Qf2 dxe4 13. Nxc6 Qxc6 14. dxe4 e5 15. Nd5
Be6 16. Nxf6+ Bxf6 17. f5 Bc8 18. g4 Bd8 19. Be3 Rc7 20. g5 Bb7 21. Rad1 f6 22.
g6 h6 23. Rd5 Be7 24. Rfd1 Rfc8 25. Qd2 Qe8 26. Rd7 Bc6 27. Rxc7 Rxc7 28. Qa5
Qc8 29. Qb6 Bd7 30. Rd5 Bc6 31. Rd2 Bd7 32. Rd5 Bc6 33. Rd2 Bd7 34. Rd5 Bc6
1/2-1/2

[Event "BL 1415 SV Mülheim Nord - Hansa Dortmu"]
[Site "?"]
[Date "2015.01.31"]
[Round "8.2"]
[White "Landa, Konstantin"]
[Black "Hera, Imre Jr"]
[Result "1/2-1/2"]
[WhiteElo "2641"]
[BlackElo "2581"]
[PlyCount "118"]
[EventDate "2015.??.??"]

1. e4 c6 2. d4 d5 3. Nd2 dxe4 4. Nxe4 Bf5 5. Ng3 Bg6 6. Nh3 Nf6 7. Nf4 e5 8.
dxe5 Qa5+ 9. c3 Qxe5+ 10. Be2 Nbd7 11. O-O Bc5 12. Nd3 Bxd3 13. Bxd3 O-O 14.
Qf3 Rae8 15. Bf4 Qd5 16. Qxd5 Nxd5 17. Bd2 Ne5 18. Bc2 Nc4 19. Bc1 Nd6 20. Bb3
Ne4 21. Nxe4 Rxe4 22. Bc2 Re6 23. Bd2 Rfe8 24. Rad1 b5 25. Bf5 Rd6 26. Rfe1
Red8 27. Bg5 Nf6 28. Rxd6 Rxd6 29. Bf4 Rd5 30. Bc2 g5 31. Bc1 h6 32. g3 Kf8 33.
Kg2 a5 34. a4 Bb6 35. Re2 Nd7 36. h4 Nc5 37. axb5 cxb5 38. Rd2 Rxd2 39. Bxd2 f6
40. Kf3 Nd7 41. Ke2 Ne5 42. h5 Ke7 43. Bc1 Bc5 44. Be4 Ke6 45. f4 Nc4 46. Bc6
Nd6 47. g4 Bg1 48. Kd3 Bh2 49. f5+ Ke7 50. Be3 Nc4 51. Bc5+ Bd6 52. Bd4 Nxb2+
53. Kc2 Nc4 54. Kd3 Na3 55. Be3 b4 56. Ba4 Nb1 57. cxb4 axb4 58. Bd4 Nc3 59.
Bxc3 bxc3 1/2-1/2

[Event "BL 1415 SV Mülheim Nord - Hansa Dortmu"]
[Site "?"]
[Date "2015.01.31"]
[Round "8.3"]
[White "Korpa, Bence"]
[Black "Fridman, Daniel"]
[Result "1/2-1/2"]
[WhiteElo "2415"]
[BlackElo "2633"]
[PlyCount "69"]
[EventDate "2015.??.??"]

1. c4 e6 2. Nf3 Nf6 3. g3 d5 4. b3 d4 5. Bg2 c5 6. O-O Nc6 7. e3 Bd6 8. exd4
cxd4 9. d3 O-O 10. Bg5 h6 11. Bxf6 Qxf6 12. Nbd2 Qd8 13. a3 a5 14. Ne4 Be7 15.
Qc2 e5 16. Rfe1 Bg4 17. Ned2 Qc7 18. c5 Rac8 19. Rac1 Qb8 20. Qb2 Bf5 21. Ne4
Be6 22. b4 b5 23. bxa5 Nxa5 24. Ned2 Nc6 25. Rc2 b4 26. Rb1 bxa3 27. Qxa3 Qc7
28. Nc4 Rb8 29. Nb6 Rb7 30. Nd2 Ra7 31. Qc1 Bg5 32. h4 Bxd2 33. Qxd2 Rb8 34.
Kh2 Ne7 35. Rbc1 1/2-1/2

[Event "BL 1415 SV Mülheim Nord - Hansa Dortmu"]
[Site "?"]
[Date "2015.01.31"]
[Round "8.4"]
[White "Tregubov, Pavel V"]
[Black "Mainka, Romuald"]
[Result "1/2-1/2"]
[WhiteElo "2611"]
[BlackElo "2420"]
[PlyCount "84"]
[EventDate "2015.??.??"]

1. d4 Nf6 2. c4 e6 3. Nf3 d5 4. Nc3 dxc4 5. e4 Bb4 6. Bxc4 Nxe4 7. O-O Nxc3 8.
bxc3 Be7 9. Ne5 Nc6 10. Qg4 Nxe5 11. dxe5 Kf8 12. Rd1 Qe8 13. Rb1 h5 14. Qe4 a6
15. Be3 g6 16. Be2 Kg7 17. Bf3 Rb8 18. Qc4 c5 19. Rb6 Bd7 20. Rxb7 Rxb7 21.
Bxb7 Ba4 22. Rb1 Bb5 23. Qe4 c4 24. a4 Bxa4 25. Bxa6 Bc6 26. Qxc4 Qa8 27. f3
Rd8 28. Qe2 Rd5 29. Bc4 Ra5 30. Qf2 Bd5 31. Bxd5 Qxd5 32. Bd4 Ra2 33. Qe3 Qc4
34. f4 Re2 35. Qf3 Qa2 36. Rf1 Qc2 37. h3 Bh4 38. Kh1 Rd2 39. Qa8 Qd3 40. Qf3
Qc2 41. Kg1 Bd8 42. Qa8 Be7 1/2-1/2

[Event "BL 1415 SV Mülheim Nord - Hansa Dortmu"]
[Site "?"]
[Date "2015.01.31"]
[Round "8.5"]
[White "Zelbel, Patrick"]
[Black "Hausrath, Daniel"]
[Result "1/2-1/2"]
[WhiteElo "2424"]
[BlackElo "2513"]
[PlyCount "41"]
[EventDate "2015.??.??"]

1. e4 d6 2. d4 Nf6 3. Nc3 e5 4. Nf3 Nbd7 5. Bc4 Be7 6. a4 O-O 7. O-O a6 8. h3
b6 9. Qe2 c6 10. Rd1 Qc7 11. Ba2 Rb8 12. Be3 b5 13. axb5 cxb5 14. dxe5 dxe5 15.
Bg5 h6 16. Bh4 b4 17. Bxf6 Nxf6 18. Nd5 Nxd5 19. Bxd5 Rb5 20. Bc4 Rc5 21. b3
1/2-1/2

[Event "BL 1415 SV Mülheim Nord - Hansa Dortmu"]
[Site "?"]
[Date "2015.01.31"]
[Round "8.6"]
[White "Levin, Felix"]
[Black "Tuncer, Ufuk"]
[Result "1-0"]
[WhiteElo "2505"]
[BlackElo "2338"]
[PlyCount "71"]
[EventDate "2015.??.??"]

1. d4 Nf6 2. c4 g6 3. Nc3 Bg7 4. e4 d6 5. h3 O-O 6. Nf3 e5 7. d5 Na6 8. Be3 Nh5
9. g3 Qe8 10. Be2 f5 11. exf5 gxf5 12. Ng5 Nf6 13. Qd2 Nc5 14. O-O-O h6 15. Nf3
Nce4 16. Nxe4 Nxe4 17. Qc2 c6 18. dxc6 bxc6 19. Nd2 Nf6 20. Nb3 d5 21. f4 d4
22. Bg1 Ne4 23. fxe5 c5 24. g4 Ng3 25. Bf3 Rb8 26. Nxc5 Nxh1 27. Bxh1 fxg4 28.
Bd5+ Kh8 29. Bxd4 Bf5 30. Qc3 Qe7 31. hxg4 Bh7 32. Ne6 Rfc8 33. Nxg7 Qg5+ 34.
Rd2 Kxg7 35. e6+ Kf8 36. Qf3+ 1-0